000
00287nam a2200121Ia 4500
008
191201s2009 xx 000 0 und d
100
_a
SHARMA, D K
245
0
_a
Business Research Methods
260
_a
N.Delhi
_b
Vayu Edu. India
_c
2009
300
_a
726
650
_a
MBA
942
_2
ddc
_c
BK
999
_c
4080
_d
4080